000
00225 a2200097 4500
001
32141
100
_a
Lyderson, Stian
245
_a
Safety and Reliability
260
_a
Netherlands
_b
A A Balkem
_c
1998
090
_c
21585
_d
21585
942
_a
NUST-CAE
_c
M
_c
12875
999
_c
267214
_d
267214